[Event "Russian Championship G15 1st league 2016"]
[Site "Loo"]
[Date "2016.04.27"]
[Round "8.13"]
[White "Nikolaeva, Ksenya"]
[Black "Moiseeva, Polina"]
[Result "1-0"]
[WhiteElo "1660"]
[BlackElo "1485"]
[PlyCount "71"]
[EventDate "2016.04.20"]

1. d4 Nf6 2. c4 e6 3. Nc3 Bb4 4. e3 b6 5. Nge2 Bb7 6. a3 Bxc3+ 7. Nxc3 O-O 8.
f3 d5 9. cxd5 Nxd5 10. Ne4 f5 11. Nf2 Nd7 12. Bc4 Qf6 13. O-O Qg6 14. Qb3 Rf6
15. Nd3 a6 16. Qc2 Rc8 17. b4 b5 18. Bb3 Qh5 19. Rf2 g5 20. h3 Qg6 21. Qd2 N5b6
22. Nc5 Nxc5 23. dxc5 Nd5 24. Bb2 Rf7 25. Qd4 Kf8 26. Rc2 c6 27. Rd1 Re8 28. e4
e5 29. Qd3 fxe4 30. fxe4 Nf4 31. Bxf7 Nxd3 32. Bxg6 Nxb2 33. Rf1+ Ke7 34. Bxe8
Kxe8 35. Rxb2 Bc8 36. Rbf2 1-0

[Event "Russian Championship G15 1st league 2016"]
[Site "Loo"]
[Date "2016.04.27"]
[Round "8.14"]
[White "Chagina, Ulyana"]
[Black "Khomyak, Aleksandra"]
[Result "1/2-1/2"]
[WhiteElo "1276"]
[BlackElo "1612"]
[PlyCount "106"]
[EventDate "2016.04.20"]

1. e4 c5 2. Nf3 d6 3. Bb5+ Bd7 4. Bxd7+ Qxd7 5. O-O Nc6 6. c3 g6 7. d4 cxd4 8.
cxd4 Bg7 9. Nc3 e6 10. Bf4 a6 11. Re1 Nge7 12. Rc1 O-O 13. Qd2 Rfd8 14. Na4 Qe8
15. Nb6 Ra7 16. d5 Ne5 17. Bxe5 Bxe5 18. Nxe5 dxe5 19. d6 Nc6 20. d7 Qf8 21.
Red1 a5 22. Na4 Qe7 23. Nb6 Qf8 24. Qd6 Ra6 25. Nc8 Nd4 26. Qxf8+ Kxf8 27. Rc7
b5 28. Kf1 Nc6 29. a3 Nd4 30. Rdc1 b4 31. a4 Nb3 32. R1c2 Nd4 33. R2c5 f6 34.
f3 Nb3 35. Rb5 Ra8 36. Nb6 Rab8 37. Nc8 Ra8 38. Na7 Ke7 39. Nc6+ Kd6 40. Nxd8
Kxc7 41. Nxe6+ Kxd7 42. Nc5+ Nxc5 43. Rxc5 Kd6 44. Rb5 Kc7 45. Ke2 Ra6 46. Kd3
Rd6+ 47. Rd5 Kc6 48. Rxd6+ Kxd6 49. Kc4 Kc6 50. b3 f5 51. g4 fxg4 52. fxg4 g5
53. h3 h6 1/2-1/2

[Event "Russian Championship G15 1st league 2016"]
[Site "Loo"]
[Date "2016.04.27"]
[Round "8.15"]
[White "Badmaeva, Baina"]
[Black "Egorova, Valentina S"]
[Result "0-1"]
[WhiteElo "1656"]
[BlackElo "1487"]
[PlyCount "160"]
[EventDate "2016.04.20"]

1. e4 e5 2. Nf3 Nc6 3. Nc3 Bc5 4. Na4 Be7 5. Nc3 Nf6 6. d4 exd4 7. Nxd4 Nxd4 8.
Qxd4 d6 9. Bc4 Be6 10. Bb3 Qd7 11. O-O O-O 12. Be3 Ng4 13. Bf4 Bf6 14. Qd2 Bxb3
15. axb3 Be5 16. Rad1 Qd8 17. f3 Nf6 18. Bg5 Qc8 19. Qe3 Nd7 20. Nd5 Kh8 21. c3
c6 22. Nb4 Qc7 23. Nd3 Bf6 24. Bf4 Ne5 25. Nf2 Rfd8 26. Bg3 Ng6 27. Ng4 Bh4 28.
Bxh4 Nxh4 29. f4 Ng6 30. c4 f6 31. Nf2 Rd7 32. Nd3 a6 33. Rd2 Re8 34. Qd4 Rde7
35. Re1 h6 36. f5 Ne5 37. Nf4 Kh7 38. Rdd1 Nf7 39. Ne6 Qc8 40. Qe3 Nd8 41. Rxd6
Nxe6 42. fxe6 Rxe6 43. Qd3 Kh8 44. Rd7 R6e7 45. Rxe7 Rxe7 46. Qd6 Qd7 47. Qxd7
Rxd7 48. Re3 Rd2 49. h3 Rxb2 50. Kh2 Kh7 51. Kg3 Rd2 52. Kf3 Kg6 53. h4 Kf7 54.
e5 fxe5 55. Rxe5 Rd3+ 56. Re3 Rxe3+ 57. Kxe3 c5 58. Kf4 Ke6 59. g4 g6 60. g5 h5
61. Ke4 b5 62. Kd3 Ke5 63. cxb5 axb5 64. Ke3 c4 65. bxc4 bxc4 66. Kf3 Kf5 67.
Ke3 c3 68. Kd3 c2 69. Kxc2 Kg4 70. Kd3 Kxh4 71. Ke3 Kxg5 72. Kf3 h4 73. Kg2 Kg4
74. Kh2 h3 75. Kg1 Kg3 76. Kh1 g5 77. Kg1 g4 78. Kh1 Kf2 79. Kh2 g3+ 80. Kh1
g2+ 0-1

[Event "Russian Championship G15 1st league 2016"]
[Site "Loo"]
[Date "2016.04.27"]
[Round "8.16"]
[White "Novogenova, Anastasia"]
[Black "Sakharova, Veronika"]
[Result "1-0"]
[WhiteElo "1555"]
[BlackElo "1612"]
[PlyCount "53"]
[EventDate "2016.04.20"]

1. e4 e5 2. Nf3 f5 3. Nxe5 Qf6 4. d4 d6 5. Nc4 fxe4 6. Nc3 Qg6 7. Ne3 Nf6 8.
Ned5 Nxd5 9. Nxd5 Qf7 10. Bc4 c6 11. Nb6 d5 12. Nxa8 dxc4 13. O-O Bd6 14. Qe2
O-O 15. Be3 Qe7 16. f3 Re8 17. fxe4 Qxe4 18. Rae1 Be6 19. Qf3 Qg6 20. Bf4 Rf8
21. Qe4 Bf5 22. Qe3 Nd7 23. Bxd6 Qxd6 24. Qe7 Qxd4+ 25. Kh1 Nc5 26. Re5 Ne4 27.
Rexf5 1-0

[Event "Russian Championship G15 1st league 2016"]
[Site "Loo"]
[Date "2016.04.27"]
[Round "8.17"]
[White "Usarova, Evita"]
[Black "Surkova, Sofya"]
[Result "0-1"]
[WhiteElo "1545"]
[BlackElo "1574"]
[PlyCount "108"]
[EventDate "2016.04.20"]

1. e4 c5 2. d4 cxd4 3. c3 dxc3 4. Nxc3 Nc6 5. Nf3 d6 6. Bc4 e6 7. O-O Nf6 8.
Qe2 Be7 9. Rd1 e5 10. Bg5 Be6 11. Bb5 Bg4 12. h3 Bxf3 13. Qxf3 O-O 14. Bxf6
Bxf6 15. Nd5 Be7 16. Qg3 Nd4 17. Bf1 Rc8 18. Rac1 Qd7 19. f4 exf4 20. Qxf4 Ne6
21. Qe3 Bg5 22. Qg3 Kh8 23. Rxc8 Rxc8 24. Nc3 Bf4 25. Qf3 Be5 26. Bb5 Qc7 27.
Kh1 Bxc3 28. bxc3 a6 29. Be2 Re8 30. Qg3 Nc5 31. Bd3 Nd7 32. Bc2 Ne5 33. Bb3
Rc8 34. Bd5 b5 35. Rc1 Qa5 36. Qe3 Qa3 37. Kh2 h6 38. Rc2 b4 39. Bb3 bxc3 40.
Rxc3 Rxc3 41. Qxc3 Qc5 42. Qxc5 dxc5 43. Kg3 Kg8 44. Kf4 Ng6+ 45. Kf5 Nh4+ 46.
Ke5 Nxg2 47. Kd6 Nf4 48. h4 Ne6 49. Bc4 a5 50. a4 g5 51. hxg5 hxg5 52. Ke5 g4
53. Bf1 g3 54. Bh3 c4 0-1

[Event "Russian Championship G15 1st league 2016"]
[Site "Loo"]
[Date "2016.04.27"]
[Round "8.18"]
[White "Tereschenko, Dariy"]
[Black "Bychenkova, Angelina"]
[Result "1/2-1/2"]
[WhiteElo "1312"]
[BlackElo "1546"]
[PlyCount "58"]
[EventDate "2016.04.20"]

1. d4 d5 2. c4 c6 3. Nc3 Nf6 4. Nf3 Bf5 5. e3 e6 6. cxd5 cxd5 7. Qb3 Qc7 8.
Bb5+ Nc6 9. Nh4 Bg4 10. h3 Bh5 11. Be2 Bxe2 12. Kxe2 Be7 13. Nf3 a6 14. a3 Na5
15. Qc2 Rc8 16. Bd2 Ne4 17. Qa4+ b5 18. Nxb5 axb5 19. Qxb5+ Nc6 20. Rac1 Nxd2
21. Kxd2 O-O 22. b4 Qd6 23. Qd3 Nxb4 24. axb4 Qxb4+ 25. Ke2 Qb2+ 26. Qd2 Qb5+
27. Qd3 Qb2+ 28. Qd2 Qb5+ 29. Qd3 Qb2+ 1/2-1/2

[Event "Russian Championship G15 1st league 2016"]
[Site "Loo"]
[Date "2016.04.27"]
[Round "8.19"]
[White "Minko, Olga"]
[Black "Schegoleva, Sofia"]
[Result "1/2-1/2"]
[WhiteElo "1446"]
[BlackElo "1501"]
[PlyCount "120"]
[EventDate "2016.04.20"]

1. e4 e5 2. Nf3 Nc6 3. d4 exd4 4. Nxd4 Nf6 5. Nc3 Bb4 6. Nxc6 bxc6 7. Bd3 O-O
8. O-O d5 9. exd5 cxd5 10. Bg5 c6 11. Qf3 Be7 12. h3 Bd7 13. Ne2 Re8 14. b3 Ne4
15. Bxe7 Rxe7 16. Rfd1 Nc5 17. c4 Nxd3 18. Qxd3 Re5 19. Nc3 Be6 20. Qd4 Qb8 21.
cxd5 cxd5 22. Re1 Rxe1+ 23. Rxe1 Qb7 24. Rd1 Rd8 25. Ne4 Qa8 26. Nc5 a6 27. Qa4
Rd6 28. Ne4 Rd8 29. Nc5 a5 30. Nd3 f6 31. Nf4 Bf7 32. Qd4 Qc6 33. Nd3 Qc2 34.
Nb2 Qc6 35. Na4 Rb8 36. Qd2 Ra8 37. Rc1 Qd6 38. Rc5 Qd8 39. Nc3 Qb6 40. Qd4 Qb4
41. Qxb4 axb4 42. Nxd5 Bxd5 43. Rxd5 Rxa2 44. Rd4 Ra1+ 45. Kh2 Ra2 46. Kg3 Rb2
47. Rxb4 Kf7 48. Rb7+ Kg6 49. b4 h6 50. b5 Kf5 51. Rxg7 Rxb5 52. Rg4 h5 53.
Rf4+ Kg5 54. Rf3 Rd5 55. Re3 Rd4 56. Re8 Kh6 57. h4 Rg4+ 58. Kh3 Rf4 59. Kg3
Rg4+ 60. Kh3 Rf4 1/2-1/2

[Event "Russian Championship G15 1st league 2016"]
[Site "Loo"]
[Date "2016.04.27"]
[Round "8.20"]
[White "Oglezneva, Polina"]
[Black "Nerusheva, Arina"]
[Result "0-1"]
[WhiteElo "1380"]
[BlackElo "1513"]
[PlyCount "84"]
[EventDate "2016.04.20"]

1. e4 c5 2. Nf3 d6 3. d4 cxd4 4. Nxd4 Nf6 5. Nc3 Nc6 6. Bg5 e6 7. f3 Be7 8. Be3
a6 9. Qd2 Qc7 10. O-O-O O-O 11. Bc4 b5 12. Bb3 Na5 13. Kb1 Bd7 14. a3 Nc4 15.
Qe2 Nxa3+ 16. Kc1 Nc4 17. Bf2 Rfc8 18. f4 Nxb2 19. Kxb2 Qxc3+ 20. Kb1 d5 21.
Be1 Nxe4 22. Qxe4 dxe4 23. Bxc3 Rxc3 24. Ne2 Rc7 25. Ng3 Bc6 26. Rhe1 e3 27.
Re2 a5 28. Nf1 a4 29. Ba2 Bc5 30. g3 Bf3 31. Rde1 Bxe2 32. Rxe2 Rd7 33. Nxe3
Bxe3 34. Rxe3 Rd2 35. h3 Rc8 36. Rxe6 Rdxc2 37. Re1 b4 38. Bd5 b3 39. Bb7 Rb8
40. Be4 Rc3 41. Kb2 Rxg3 42. h4 Rg4 0-1

[Event "Russian Championship G15 1st league 2016"]
[Site "Loo"]
[Date "2016.04.27"]
[Round "8.21"]
[White "Malko, Polina"]
[Black "Bezenkina, Ekaterina"]
[Result "0-1"]
[WhiteElo "1506"]
[BlackElo "1413"]
[PlyCount "90"]
[EventDate "2016.04.20"]

1. Nf3 d5 2. g3 Nf6 3. Bg2 e6 4. O-O Be7 5. d4 O-O 6. c4 c6 7. Nc3 Nbd7 8. cxd5
cxd5 9. Bf4 a6 10. Rc1 b5 11. Nb1 Ne4 12. Nfd2 f5 13. f3 Nd6 14. e4 dxe4 15.
fxe4 Bb7 16. exf5 Bxg2 17. Kxg2 Nxf5 18. Nb3 Bg5 19. Kg1 Ne3 20. Qe2 Nxf1 21.
Qxe6+ Kh8 22. Bxg5 Qxg5 23. Rxf1 Rxf1+ 24. Kxf1 Qf6+ 25. Qxf6 Nxf6 26. Nc3 Rd8
27. Ke2 Kg8 28. Kd3 Kf7 29. Nc5 b4 30. Nxa6 bxc3 31. bxc3 Ng4 32. h4 Nf2+ 33.
Ke3 Nd1+ 34. Kd3 Nb2+ 35. Kc2 Na4 36. Kd3 Rc8 37. d5 Rxc3+ 38. Kd4 Rxg3 39. Ke5
Ke7 40. d6+ Kd8 41. Nb8 Rc3 42. Ke6 Nc5+ 43. Kd5 Nd7 44. a4 Nxb8 45. a5 Kd7 0-1

[Event "Russian Championship G15 1st league 2016"]
[Site "Loo"]
[Date "2016.04.27"]
[Round "8.22"]
[White "Voskresenskaya, Alevtina"]
[Black "Belova, Kseniya"]
[Result "1-0"]
[WhiteElo "1478"]
[BlackElo "1355"]
[PlyCount "109"]
[EventDate "2016.04.20"]

1. e4 e5 2. Nc3 Nf6 3. f4 d5 4. exd5 Nxd5 5. fxe5 Nxc3 6. dxc3 Qh4+ 7. Ke2 Bc5
8. Be3 Bxe3 9. Kxe3 Qg5+ 10. Kf2 O-O 11. Nf3 Qh6 12. b3 Bg4 13. Bd3 Nc6 14. Qe1
Rfe8 15. Qd2 Qxd2+ 16. Nxd2 Nxe5 17. Rae1 Nxd3+ 18. cxd3 Red8 19. d4 c5 20. h3
Be6 21. Nf3 c4 22. b4 a5 23. b5 Rd5 24. a4 Rd6 25. g4 Bd5 26. Re3 Rh6 27. Rhe1
f6 28. Kg3 Rf8 29. Nh4 g6 30. Re7 Rf7 31. Re8+ Rf8 32. R1e7 Rxe8 33. Rxe8+ Kf7
34. Ra8 f5 35. gxf5 gxf5 36. Nxf5 Rg6+ 37. Kf4 b6 38. Ra7+ Kf6 39. Rxh7 Rg2 40.
Rh6+ Kf7 41. Ne3 Rf2+ 42. Ke5 Ba8 43. Nxc4 Re2+ 44. Kd6 Rc2 45. Nxb6 Bg2 46. c4
Rc3 47. c5 Kg7 48. Rh4 Kg6 49. c6 Bxh3 50. c7 Bf5 51. Rh8 Rd3 52. d5 Rc3 53.
c8=Q Bxc8 54. Rxc8 Rxc8 55. Nxc8 1-0

[Event "Russian Championship G15 1st league 2016"]
[Site "Loo"]
[Date "2016.04.27"]
[Round "8.25"]
[White "Kuznetsova, Maria"]
[Black "Alekseenko, Aleksandra"]
[Result "0-1"]
[WhiteElo "1378"]
[BlackElo "1542"]
[PlyCount "36"]
[EventDate "2016.04.20"]

1. e4 c5 2. Nf3 e6 3. d4 cxd4 4. Nxd4 a6 5. Bd3 Nf6 6. O-O Be7 7. Nd2 O-O 8.
Nc4 b5 9. Ne3 Bb7 10. Qf3 d6 11. c4 bxc4 12. Nxc4 Nbd7 13. Bg5 Nc5 14. Bxf6
Bxf6 15. Qe3 Nxd3 16. Qxd3 Rc8 17. Rac1 d5 18. exd5 Qxd5 0-1

[Event "Russian Championship G15 1st league 2016"]
[Site "Loo"]
[Date "2016.04.27"]
[Round "8.26"]
[White "Polomoshnova, Mariya"]
[Black "Terkina, Yulia"]
[Result "0-1"]
[WhiteElo "1481"]
[BlackElo "1459"]
[PlyCount "100"]
[EventDate "2016.04.20"]

1. e4 e6 2. d4 d5 3. Nc3 Nf6 4. e5 Nfd7 5. f4 a6 6. Nf3 c5 7. Be3 Nc6 8. Be2
cxd4 9. Nxd4 Nxd4 10. Bxd4 Bc5 11. Qd2 Bxd4 12. Qxd4 Qb6 13. Qxb6 Nxb6 14. b3
Bd7 15. Bd3 Nc8 16. O-O Ne7 17. Rae1 Nc6 18. a3 Nd4 19. Ne2 Nxe2+ 20. Rxe2 Ke7
21. Rd2 g6 22. h3 Rhc8 23. g4 Bb5 24. Rf3 Rc6 25. Rff2 Bxd3 26. Rxd3 Rac8 27.
Rdd2 Rc3 28. Rh2 Rg3+ 29. Rdg2 Rxg2+ 30. Rxg2 Rc3 31. Kh2 Rf3 32. Rg3 Rxf4 33.
Rc3 Kd7 34. Kg3 Rf1 35. h4 h6 36. a4 Rg1+ 37. Kh3 Rf1 38. Kg3 g5 39. h5 Rf4 40.
Kh3 f6 41. exf6 Rxf6 42. Re3 Kd6 43. Rd3 e5 44. c4 d4 45. Kg3 Kc5 46. Rd1 e4
47. Re1 e3 48. Rd1 e2 49. Re1 d3 50. Kg2 Kd4 0-1

[Event "Russian Championship G15 1st league 2016"]
[Site "Loo"]
[Date "2016.04.27"]
[Round "8.29"]
[White "Esenina, Elena"]
[Black "Maltsevskaya, Anna"]
[Result "0-1"]
[WhiteElo "1266"]
[BlackElo "1326"]
[PlyCount "106"]
[EventDate "2016.04.20"]

1. g3 d5 2. d4 Nf6 3. Bg2 e6 4. Nf3 Nc6 5. O-O Bd6 6. Bg5 h6 7. Bxf6 Qxf6 8. c3
O-O 9. Nbd2 Rd8 10. e4 dxe4 11. Nxe4 Qf5 12. Nh4 Qb5 13. Qc2 e5 14. d5 Na5 15.
b3 Be7 16. c4 Qb4 17. Nf3 Bf5 18. Nxe5 Re8 19. Nd3 Qb6 20. Kh1 Bf6 21. Nxf6+
Qxf6 22. Qd1 Re7 23. Nf4 Rae8 24. Qd2 b6 25. d6 Qxd6 26. Qxd6 cxd6 27. Nd5 Re2
28. Ne3 Be4 29. Kg1 Bxg2 30. Kxg2 R8xe3 31. Rae1 Rxe1 32. fxe3 Rxe3 33. Rf2 Nc6
34. Rd2 Ne5 35. Kf2 Ng4+ 36. Kg2 Re6 37. Kf3 f5 38. h3 Ne5+ 39. Kf4 Rf6 40. Ke3
g5 41. Rg2 f4+ 42. gxf4 Rxf4 43. Rg3 Kf7 44. a3 Ke6 45. Ke2 d5 46. cxd5+ Kxd5
47. Rc3 Re4+ 48. Kf2 Kd4 49. Rg3 Nd3+ 50. Kf3 Rf4+ 51. Ke2 Rf2+ 52. Kd1 Kc3 53.
b4 Rd2# 0-1

[Event "Russian Championship G15 1st league 2016"]
[Site "Loo"]
[Date "2016.04.27"]
[Round "8.32"]
[White "Pervukhina, Ekaterina"]
[Black "Vlezko, Maria"]
[Result "0-1"]
[WhiteElo "1101"]
[BlackElo "1432"]
[PlyCount "55"]
[EventDate "2016.04.20"]

1. e4 e5 2. Nf3 Nc6 3. Bc4 Bc5 4. O-O Nf6 5. Nc3 O-O 6. d3 a6 7. Bg5 Be7 8.
Bxf6 Bxf6 9. Nd5 b5 10. Nxf6+ Qxf6 11. Bd5 Bb7 12. b4 Rab8 13. a3 Ne7 14. Bxb7
Rxb7 15. d4 exd4 16. Nxd4 d5 17. Re1 dxe4 18. Rxe4 Rd8 19. c3 Nd5 20. Qe1 Rbb8
21. h3 h6 22. a4 Qg6 23. axb5 axb5 24. Rg4 Qf6 25. Ra3 Nxb4 26. Qe2 Re8 27. Qd2
Nc6 28. Nxc6 0-1

[Event "Russian Championship G15 2016"]
[Site "Loo"]
[Date "2016.04.27"]
[Round "8.1"]
[White "Vinokur, Yuliya"]
[Black "Bulatova, Kamaliya"]
[Result "0-1"]
[WhiteElo "1963"]
[BlackElo "1893"]
[PlyCount "128"]
[EventDate "2016.04.20"]

1. Nf3 g6 2. g3 Bg7 3. Bg2 d6 4. O-O c5 5. d4 cxd4 6. Nxd4 Qb6 7. c3 Nc6 8.
Nxc6 bxc6 9. Nd2 Bb7 10. Qa4 Rc8 11. Nc4 Qa6 12. Na5 Nf6 13. b3 Ba8 14. b4 Nd7
15. Qc2 c5 16. Bxa8 Rxa8 17. Bb2 O-O 18. Rab1 Rfc8 19. Qe4 e6 20. f4 Nf6 21.
Qf3 d5 22. a3 Ne4 23. Rfd1 cxb4 24. cxb4 Rc2 25. Bxg7 Kxg7 26. Rd3 Nd2 27. Rxd2
Qb6+ 28. Qf2 Rxd2 29. Kf1 Rc8 30. Qf3 Rdc2 31. Rb3 Qd4 32. Rd3 Rc1+ 33. Kg2
Qg1+ 34. Kh3 Rf1 35. Qg2 Rc2 36. Nb3 Qxg2+ 37. Kxg2 Rb1 38. b5 Rxe2+ 39. Kf3
Rxh2 40. a4 Rbb2 41. a5 Rbe2 42. g4 Ra2 43. Ke3 Rhb2 44. a6 Ra3 45. Nd4 Ra4 46.
Rc3 Rc4 47. Rd3 Rxd4 48. Kxd4 Rxb5 49. Rc3 Rb6 50. Ra3 Kf6 51. Kc3 h5 52. gxh5
gxh5 53. Kd4 Kf5 54. Ke3 h4 55. Kf3 Rb4 56. Rc3 Rxf4+ 57. Kg2 Rc4 58. Rf3+ Kg6
59. Rb3 Ra4 60. Kh3 Rxa6 61. Kxh4 d4 62. Kg4 e5 63. Kf3 f5 64. Ke2 e4 0-1

[Event "Russian Championship G15 2016"]
[Site "Loo"]
[Date "2016.04.27"]
[Round "8.2"]
[White "Zotova, Anastasia"]
[Black "Maltsevskaya, Aleksandra"]
[Result "0-1"]
[WhiteElo "1934"]
[BlackElo "2146"]
[PlyCount "68"]
[EventDate "2016.04.20"]

1. e4 g6 2. Nf3 Bg7 3. d3 d6 4. Nbd2 Nf6 5. g3 O-O 6. Bg2 c5 7. O-O Nc6 8. c3
Qc7 9. Re1 Rb8 10. Nf1 b5 11. d4 e5 12. dxe5 dxe5 13. Qc2 Bb7 14. Bg5 h6 15.
Bxf6 Bxf6 16. Ne3 Ne7 17. Rad1 Rfd8 18. c4 bxc4 19. Qxc4 Ba8 20. Rxd8+ Rxd8 21.
Rc1 Qb8 22. b3 Bg7 23. Bh3 Rd6 24. Ng4 Rb6 25. Rd1 Rd6 26. Rc1 Nc6 27. Qxc5 Nd4
28. Nxd4 exd4 29. Qc8+ Rd8 30. Qxb8 Rxb8 31. f3 d3 32. Kf2 Bd4+ 33. Ne3 f5 34.
exf5 Re8 0-1

[Event "Russian Championship G15 2016"]
[Site "Loo"]
[Date "2016.04.27"]
[Round "8.3"]
[White "Budnikova, Varvara"]
[Black "Filippova, Darya"]
[Result "1/2-1/2"]
[WhiteElo "1932"]
[BlackElo "1976"]
[PlyCount "92"]
[EventDate "2016.04.20"]

1. d4 Nf6 2. c4 e6 3. Nc3 d5 4. cxd5 Nxd5 5. e4 Nxc3 6. bxc3 c5 7. Nf3 cxd4 8.
cxd4 Bb4+ 9. Bd2 Bxd2+ 10. Qxd2 O-O 11. Bd3 Nd7 12. O-O b6 13. Rac1 Bb7 14. Rc2
Nf6 15. Qf4 e5 16. Qxe5 Re8 17. Qc7 Bxe4 18. Bxe4 Rxe4 19. Qxd8+ Rxd8 20. Rc7
a5 21. a4 Nd5 22. Rxf7 Rxd4 23. Rxg7+ Kxg7 24. Nxd4 Kf6 25. Nb5 Rc8 26. Rd1 Ke5
27. g3 Nc3 28. f4+ Ke6 29. Rd6+ Ke7 30. Rxb6 Nxa4 31. Rb7+ Kf6 32. Rxh7 Ra8 33.
g4 Rb8 34. Nd6 Nc3 35. g5+ Ke6 36. Rh6+ Kd5 37. f5 a4 38. Nf7 a3 39. Ra6 a2 40.
g6 Rb1+ 41. Kg2 a1=Q 42. Rxa1 Rxa1 43. g7 Ra8 44. Nh6 Ke5 45. g8=Q Rxg8+ 46.
Nxg8 Kxf5 1/2-1/2

[Event "Russian Championship G15 2016"]
[Site "Loo"]
[Date "2016.04.27"]
[Round "8.4"]
[White "Miroshnik, Ekaterina"]
[Black "Koroleva, Evgeniya"]
[Result "1-0"]
[WhiteElo "1896"]
[BlackElo "1881"]
[PlyCount "67"]
[EventDate "2016.04.20"]

1. d4 d5 2. c4 dxc4 3. e4 e5 4. Nf3 exd4 5. Bxc4 Nc6 6. O-O Be6 7. Bb5 Bc5 8.
Qc2 Bb6 9. Bxc6+ bxc6 10. Qxc6+ Bd7 11. Qc4 Qf6 12. Bg5 Qe6 13. Qd3 f6 14. Bf4
c5 15. Nbd2 Ne7 16. b4 cxb4 17. Nxd4 Bxd4 18. Qxd4 Nc6 19. Qe3 Ne5 20. Nb3 Bb5
21. Rfd1 Nc4 22. Qc5 Bd7 23. Qxb4 a5 24. Qc3 Rc8 25. Qd4 Ne5 26. Nc5 Qe7 27.
Bxe5 Bg4 28. Bd6 Bxd1 29. Bxe7 Kxe7 30. Qd7+ Kf8 31. Qxc8+ Ke7 32. Qd7+ Kf8 33.
Ne6+ Kg8 34. Qxg7# 1-0

[Event "Russian Championship G15 2016"]
[Site "Loo"]
[Date "2016.04.27"]
[Round "8.5"]
[White "Goltseva, Ekaterina"]
[Black "Uskova, Taisiya"]
[Result "1-0"]
[WhiteElo "2137"]
[BlackElo "1811"]
[PlyCount "43"]
[EventDate "2016.04.20"]

1. d4 d5 2. c4 dxc4 3. Nf3 Nf6 4. e3 e6 5. Bxc4 a6 6. O-O c5 7. dxc5 Qxd1 8.
Rxd1 Bxc5 9. Nbd2 b5 10. Be2 Bb7 11. Nb3 Be7 12. Na5 Bd5 13. Nd4 O-O 14. Bd2
Nbd7 15. Ndc6 Bc5 16. Bb4 Bxb4 17. Nxb4 Rfc8 18. Rac1 Nc5 19. b3 Kf8 20. f3 e5
21. Nxd5 Nxd5 22. Rxd5 1-0

[Event "Russian Championship G15 2016"]
[Site "Loo"]
[Date "2016.04.27"]
[Round "8.6"]
[White "Afanasieva, Alexandra"]
[Black "Voskresenskaya, Marta"]
[Result "1-0"]
[WhiteElo "1901"]
[BlackElo "1751"]
[PlyCount "185"]
[EventDate "2016.04.20"]

1. e4 c5 2. Nf3 d6 3. d4 cxd4 4. Nxd4 Nf6 5. Nc3 Nc6 6. Bg5 e6 7. Qd2 Be7 8.
O-O-O a6 9. f3 h6 10. Be3 Nxd4 11. Qxd4 b5 12. Qb6 Qxb6 13. Bxb6 Bb7 14. Bd3
Rc8 15. Rhe1 O-O 16. Bd4 d5 17. exd5 Nxd5 18. Be4 Nxc3 19. Bxc3 Bxe4 20. Rxe4
Rfd8 21. Ba5 Rxd1+ 22. Kxd1 Bf6 23. c3 Rc5 24. Re2 Rh5 25. h3 Rd5+ 26. Rd2
Rxd2+ 27. Kxd2 Kf8 28. Kd3 Ke7 29. Bb4+ Kd7 30. b3 Kc6 31. c4 Bd8 32. Bf8 bxc4+
33. Kxc4 Bf6 34. b4 h5 35. a4 g5 36. b5+ axb5+ 37. axb5+ Kb6 38. Bc5+ Kb7 39.
Kd3 Bd8 40. Ke4 Bc7 41. g4 hxg4 42. hxg4 f6 43. Bd4 Bd8 44. Kd3 Be7 45. Kc4 Kc7
46. Bc5 Bd8 47. Bb4 Kb6 48. Bf8 f5 49. Bc5+ Kb7 50. Bd6 Bb6 51. Be7 Be3 52. Bd8
Kc8 53. Bf6 Kc7 54. Be5+ Kb7 55. Bd4 Bc1 56. Bf2 Kc7 57. Bc5 Kb7 58. Kd3 Bb2
59. Be3 Bf6 60. Kc4 Kc7 61. Bd4 Be7 62. Bg7 Kb6 63. Kd4 Ba3 64. Bh6 Bb2+ 65.
Kc4 Bf6 66. Bf8 Bb2 67. Bc5+ Kb7 68. Bd4 Bc1 69. Bg7 Kb6 70. Bh6 Bf4 71. Bg7
Bc1 72. Bf6 Kb7 73. Bd8 Kc8 74. Ba5 Be3 75. Kd3 Bc5 76. Bd2 Be7 77. Kd4 Bf6+
78. Kc5 Kc7 79. Ba5+ Kb7 80. Kd6 fxg4 81. fxg4 e5 82. Ke6 Bh8 83. Kf5 e4 84.
Kxe4 Bb2 85. Kf5 Bc1 86. Bd8 Bb2 87. Kxg5 Kc8 88. Bf6 Bc1+ 89. Kf5 Kc7 90. Bd4
Kd6 91. g5 Ke7 92. g6 Kf8 93. b6 1-0

[Event "Russian Championship G15 2016"]
[Site "Loo"]
[Date "2016.04.27"]
[Round "8.7"]
[White "Getman, Tatyana"]
[Black "Fonyak, Marina"]
[Result "1/2-1/2"]
[WhiteElo "1732"]
[BlackElo "1852"]
[PlyCount "182"]
[EventDate "2016.04.20"]

1. d4 Nf6 2. c4 e6 3. Nc3 d5 4. Bg5 Nbd7 5. cxd5 exd5 6. e3 Bb4 7. a3 Bxc3+ 8.
bxc3 c5 9. Bd3 Qa5 10. Qd2 O-O 11. Ne2 Re8 12. O-O c4 13. Bc2 a6 14. f3 Qc7 15.
Ng3 b5 16. e4 Qb6 17. Qf2 dxe4 18. fxe4 Rf8 19. Kh1 Qe6 20. e5 Nd5 21. Bf5 Qe8
22. Ne4 f6 23. exf6 N7xf6 24. Nd6 Qh5 25. Bxc8 Raxc8 26. Nxc8 Qxg5 27. Nd6 Ne3
28. h4 Qh6 29. Nf5 Nxf5 30. Qxf5 Qxh4+ 31. Kg1 Qh6 32. Qe6+ Kh8 33. Qe7 Rg8 34.
Qe6 Qh4 35. Rae1 a5 36. Re3 b4 37. axb4 axb4 38. Qxc4 bxc3 39. Rxc3 h6 40. Qd3
Nd5 41. Rc4 Nf4 42. Qf3 Ng6 43. Qf5 Ne7 44. Qf4 Qh5 45. Rc5 Qg6 46. Re1 Nc8 47.
Qf5 Qa6 48. Qe6 Qa7 49. Rxc8 Qxd4+ 50. Kh2 Qh4+ 51. Kg1 Qd4+ 52. Re3 Qxe3+ 53.
Qxe3 Rxc8 54. Kf2 Rf8+ 55. Kg3 Rf6 56. Kh4 Kg8 57. Qe8+ Kh7 58. Qe7 Rf4+ 59.
Kh5 Rf5+ 60. Kg4 Rg5+ 61. Kh4 Kg8 62. g4 Kh7 63. Qf7 Kh8 64. Qf8+ Kh7 65. Qe8
Rc5 66. Qe4+ Kg8 67. Qf4 Kh7 68. Qe4+ Kg8 69. Qd3 Kh8 70. Qf3 Kg8 71. Qf4 Kh7
72. Qf8 Rg5 73. Qe8 Rc5 74. Qf7 Rg5 75. Qf8 Ra5 76. Qe7 Rg5 77. Qd6 Kg8 78. Qe7
Kh7 79. Kg3 Kg8 80. Kf4 Kh7 81. Qc7 Kg8 82. Qc2 Kh8 83. Qe4 Kg8 84. Qe8+ Kh7
85. Qc8 Ra5 86. Qd8 Rg5 87. Qe7 Kg8 88. Kg3 Kh7 89. Kh4 Kg8 90. Qd8+ Kh7 91.
Qe7 Kg8 1/2-1/2

[Event "Russian Championship G15 2016"]
[Site "Loo"]
[Date "2016.04.27"]
[Round "8.8"]
[White "Buchina, Polina"]
[Black "Shakhmatova, Kseniya"]
[Result "1/2-1/2"]
[WhiteElo "1711"]
[BlackElo "1828"]
[PlyCount "80"]
[EventDate "2016.04.20"]

1. d4 Nf6 2. Nf3 e6 3. g3 d5 4. Bg2 Be7 5. Nbd2 O-O 6. O-O c5 7. dxc5 Bxc5 8.
Nb3 Bd6 9. c3 Qe7 10. Nfd2 Rd8 11. Qc2 Nc6 12. e4 dxe4 13. Nxe4 Nxe4 14. Bxe4
h6 15. Be3 e5 16. Qe2 Be6 17. Nd2 f5 18. Bf3 f4 19. gxf4 exf4 20. Bd4 Nxd4 21.
cxd4 Qf7 22. Qb5 Kh8 23. Ne4 Bc4 24. Qa4 Bxf1 25. Rxf1 a6 26. Nc3 Bf8 27. Rd1
Rac8 28. Qa5 Qg6+ 29. Kh1 Qc2 30. Be4 Qxf2 31. Qf5 Kg8 32. Qh7+ Kf7 33. Qf5+
Kg8 34. Qh7+ Kf7 35. Qf5+ Kg8 36. Qh7+ Kf7 37. Qf5+ Kg8 38. Qh7+ Kf7 39. Qf5+
Kg8 40. Qh7+ Kf7 1/2-1/2

[Event "Russian Championship G15 2016"]
[Site "Loo"]
[Date "2016.04.27"]
[Round "8.9"]
[White "Zaitseva, Lyudmila"]
[Black "Popova, Irina"]
[Result "1/2-1/2"]
[WhiteElo "1750"]
[BlackElo "1856"]
[PlyCount "84"]
[EventDate "2016.04.20"]

1. d4 Nf6 2. c4 e6 3. Nc3 Bb4 4. a3 Bxc3+ 5. bxc3 O-O 6. e3 c5 7. Bd3 d6 8. d5
h6 9. e4 exd5 10. exd5 Nbd7 11. f4 Re8+ 12. Ne2 b5 13. cxb5 Nxd5 14. Be4 Nxc3
15. Nxc3 Qf6 16. Qd3 d5 17. Nxd5 Qxa1 18. O-O Qd4+ 19. Qxd4 cxd4 20. Ne7+ Rxe7
21. Bxa8 Nc5 22. Bb2 d3 23. Bd4 Nb3 24. Bc3 Bb7 25. Bxb7 Rxb7 26. Rd1 Nc5 27.
Bb4 Rxb5 28. Bxc5 Rxc5 29. Rxd3 g5 30. fxg5 hxg5 31. g4 Rc4 32. h3 Ra4 33. Kf2
Kg7 34. Ke2 Kf6 35. Re3 Ra5 36. Kd2 Re5 37. Rd3 Re4 38. Rf3+ Ke6 39. Rf5 Re5
40. Rf3 f6 41. Kd3 Ra5 42. Kc4 Re5 1/2-1/2